<?xml version="1.0" encoding="UTF-8"?>
<record
    xmlns:xsi="http://www.w3.org/2001/XMLSchema-instance"
    xsi:schemaLocation="http://www.loc.gov/MARC21/slim http://www.loc.gov/standards/marcxml/schema/MARC21slim.xsd"
    xmlns="http://www.loc.gov/MARC21/slim">

  <leader>00325    a2200133   4500</leader>
  <controlfield tag="005">20250403093911.0</controlfield>
  <datafield tag="020" ind1=" " ind2=" ">
    <subfield code="a">7121-1910-8</subfield>
  </datafield>
  <datafield tag="082" ind1=" " ind2=" ">
    <subfield code="a">519  HAR</subfield>
  </datafield>
  <datafield tag="100" ind1=" " ind2=" ">
    <subfield code="a">HARPER,   W  . M.</subfield>
  </datafield>
  <datafield tag="245" ind1=" " ind2=" ">
    <subfield code="a">Statistics</subfield>
  </datafield>
  <datafield tag="260" ind1=" " ind2=" ">
    <subfield code="a">London,</subfield>
    <subfield code="b">McDonald,</subfield>
    <subfield code="c">1965.</subfield>
  </datafield>
  <datafield tag="300" ind1=" " ind2=" ">
    <subfield code="a">xv,  293p.: ill.; figure,  table</subfield>
    <subfield code="b">index</subfield>
    <subfield code="c">18cm</subfield>
  </datafield>
  <datafield tag="942" ind1=" " ind2=" ">
    <subfield code="2">ddc</subfield>
    <subfield code="c">BKS</subfield>
  </datafield>
  <datafield tag="999" ind1=" " ind2=" ">
    <subfield code="c">1056</subfield>
    <subfield code="d">1056</subfield>
  </datafield>
  <datafield tag="952" ind1=" " ind2=" ">
    <subfield code="r">2025-04-03 09:46:27</subfield>
    <subfield code="l">0</subfield>
    <subfield code="o">519    HAR</subfield>
    <subfield code="p">0000004084          </subfield>
    <subfield code="v">30000.00</subfield>
    <subfield code="w">2025-04-03</subfield>
    <subfield code="y">BKS</subfield>
    <subfield code="1">0</subfield>
    <subfield code="2">ddc</subfield>
    <subfield code="4">0</subfield>
    <subfield code="7">0</subfield>
    <subfield code="0">0</subfield>
    <subfield code="a">CBEML</subfield>
    <subfield code="b">CBEML</subfield>
    <subfield code="c">GEN</subfield>
    <subfield code="d">2025-04-03</subfield>
    <subfield code="g">15000.00</subfield>
  </datafield>
  <datafield tag="952" ind1=" " ind2=" ">
    <subfield code="r">2025-04-03 09:56:06</subfield>
    <subfield code="l">0</subfield>
    <subfield code="o">519  HAR</subfield>
    <subfield code="p">0000004085</subfield>
    <subfield code="v">30000.00</subfield>
    <subfield code="w">2025-04-03</subfield>
    <subfield code="y">BKS</subfield>
    <subfield code="1">0</subfield>
    <subfield code="2">ddc</subfield>
    <subfield code="4">0</subfield>
    <subfield code="7">0</subfield>
    <subfield code="0">0</subfield>
    <subfield code="a">CBEML</subfield>
    <subfield code="b">CBEML</subfield>
    <subfield code="c">GEN</subfield>
    <subfield code="d">2025-04-03</subfield>
    <subfield code="g">15000.00</subfield>
  </datafield>
  <datafield tag="952" ind1=" " ind2=" ">
    <subfield code="r">2025-04-03 09:56:06</subfield>
    <subfield code="l">0</subfield>
    <subfield code="o">519  HAR</subfield>
    <subfield code="p">0000004086</subfield>
    <subfield code="v">30000.00</subfield>
    <subfield code="w">2025-04-03</subfield>
    <subfield code="y">BKS</subfield>
    <subfield code="1">0</subfield>
    <subfield code="2">ddc</subfield>
    <subfield code="4">0</subfield>
    <subfield code="7">0</subfield>
    <subfield code="0">0</subfield>
    <subfield code="a">CBEML</subfield>
    <subfield code="b">CBEML</subfield>
    <subfield code="c">GEN</subfield>
    <subfield code="d">2025-04-03</subfield>
    <subfield code="g">15000.00</subfield>
  </datafield>
  <datafield tag="952" ind1=" " ind2=" ">
    <subfield code="r">2025-04-03 09:56:06</subfield>
    <subfield code="l">0</subfield>
    <subfield code="o">519  HAR</subfield>
    <subfield code="p">0000004087</subfield>
    <subfield code="v">30000.00</subfield>
    <subfield code="w">2025-04-03</subfield>
    <subfield code="y">BKS</subfield>
    <subfield code="1">0</subfield>
    <subfield code="2">ddc</subfield>
    <subfield code="4">0</subfield>
    <subfield code="7">0</subfield>
    <subfield code="0">0</subfield>
    <subfield code="a">CBEML</subfield>
    <subfield code="b">CBEML</subfield>
    <subfield code="c">GEN</subfield>
    <subfield code="d">2025-04-03</subfield>
    <subfield code="g">15000.00</subfield>
  </datafield>
  <datafield tag="952" ind1=" " ind2=" ">
    <subfield code="r">2025-04-03 09:56:06</subfield>
    <subfield code="l">0</subfield>
    <subfield code="o">519  HAR</subfield>
    <subfield code="p">0000004088</subfield>
    <subfield code="v">30000.00</subfield>
    <subfield code="w">2025-04-03</subfield>
    <subfield code="y">BKS</subfield>
    <subfield code="1">0</subfield>
    <subfield code="2">ddc</subfield>
    <subfield code="4">0</subfield>
    <subfield code="7">0</subfield>
    <subfield code="0">0</subfield>
    <subfield code="a">CBEML</subfield>
    <subfield code="b">CBEML</subfield>
    <subfield code="c">GEN</subfield>
    <subfield code="d">2025-04-03</subfield>
    <subfield code="g">15000.00</subfield>
  </datafield>
  <datafield tag="952" ind1=" " ind2=" ">
    <subfield code="r">2025-04-03 10:10:56</subfield>
    <subfield code="l">0</subfield>
    <subfield code="o">519  HAR</subfield>
    <subfield code="p">0000004121</subfield>
    <subfield code="v">30000.00</subfield>
    <subfield code="w">2025-04-03</subfield>
    <subfield code="y">BKS</subfield>
    <subfield code="1">0</subfield>
    <subfield code="2">ddc</subfield>
    <subfield code="4">0</subfield>
    <subfield code="7">0</subfield>
    <subfield code="0">0</subfield>
    <subfield code="a">CBEML</subfield>
    <subfield code="b">CBEML</subfield>
    <subfield code="c">GEN</subfield>
    <subfield code="d">2025-04-03</subfield>
    <subfield code="g">15000.00</subfield>
  </datafield>
</record>
